[Event "Saint Louis Blitz 2017"]
[Site "Saint Louis"]
[Date "2017.08.17"]
[Round "9"]
[White "Navara, David"]
[Black "Kasparov, Garry"]
[Result "1/2-1/2"]
[WhiteElo "2737"]
[BlackElo "2812"]
[Annotator "TA"]
[PlyCount "64"]
[EventDate "2017.??.??"]
[EventType "tourn"]
[EventCountry "USA"]
[SourceTitle "playchess.com"]
[Source "ChessBase"]
[SourceQuality "1"]

{[%evp 19,64,25,36,17,43,0,0,0,31,30,142,145,135,126,110,109,112,105,132,137,190,100,103,43,61,57,79,0,0,0,20,-26,0,0,0,-4,0,-4,-5,-13,0,0,0,0,0,0,0]} 1. e4 c5 2. Nf3 d6 3. d4 cxd4 4. Nxd4 Nf6 5. Nc3 a6 6. h3 e6 7. g4 Nfd7 {B81: Sicilian Scheveningen: Keres Attack} 8. Be3 b5 9. a3 Bb7 10. g5 Nb6 {LiveBook: 7 Games} 11. h4 N8d7 12. Qd2 $146 ({Predecessor:} 12. Bg2 Rc8 13. Nde2 Be7 14. b3 {½-½ (55) Adams,M (2742)-Ragger,M (2695) Germany 2016}) 12... Rc8 13. O-O-O d5 (13... Ne5 {seems wilder.} 14. f4 Nec4 15. Bxc4 Nxc4 16. Qd3 Qb6) 14. exd5 $1 b4 (14... Nxd5 $11 15. Nxd5 Bxd5) 15. axb4 $16 Bxd5 16. Nxd5 (16. Bxa6 $6 Bxh1 17. Nxe6 (17. Rxh1 Rxc3 18. Qxc3 Qa8 $11) (17. Bxc8 Qxc8 18. Rxh1 Qa8 $15) 17... fxe6 $11) 16... Nxd5 17. Bxa6 Bxb4 18. Qe2 (18. c3 Bxc3 19. bxc3 Rxc3+ 20. Kb1 Qa5 $15) 18... O-O {[#] White must now prevent ...Qa5.} 19. Bxc8 Qxc8 20. Nb3 (20. Kb1 $18) 20... Qc6 21. Rxd5 (21. g6 $16) 21... exd5 $14 22. Rd1 Ne5 23. Bc5 ({White should play} 23. Bd2 $16 Bxd2+ 24. Qxd2 (24. Rxd2 Nc4 $17)) 23... Bxc5 $11 24. Qxe5 {And now Qc3 would win.} Bxf2 25. Qxd5 (25. Nd4 {with more complications.} f6 26. Nxc6 fxe5 27. Rxd5 Bxh4 28. Rxe5 Rf1+ 29. Kd2) 25... Qxd5 (25... Qa4 {feels hotter.} 26. h5 Qg4 27. g6 hxg6 28. hxg6 Qxg6 29. Qc4 Qb6) 26. Rxd5 {The position is equal.} Bxh4 {[%mdl 4096] Endgame KRB-KRN} 27. c4 f5 28. gxf6 Bxf6 29. Nc5 Rc8 30. b4 Be7 31. Kd2 Bxc5 32. bxc5 ({Don't go for} 32. Rxc5 $2 Rxc5 33. bxc5 Kf7 $19) 32... Kf7 {Precision: White = 56%, Black = 63%.} 1/2-1/2

[Event "Saint Louis Blitz 2017"]
[Site "Saint Louis"]
[Date "2017.08.18"]
[Round "10"]
[White "Caruana, Fabiano"]
[Black "Le, Quang Liem"]
[Result "0-1"]
[WhiteElo "2807"]
[BlackElo "2739"]
[Annotator "TA"]
[PlyCount "118"]
[EventDate "2017.??.??"]
[EventType "tourn"]
[EventCountry "USA"]
[SourceTitle "playchess.com"]
[Source "ChessBase"]
[SourceQuality "1"]

{[%evp 25,118,32,31,12,19,16,28,0,46,35,55,45,66,51,50,50,105,102,211,218,279,263,262,175,242,-66,228,200,363,372,294,0,3,5,19,0,25,-326,-348,-399,-394,-385,-380,-381,-364,-456,-460,-457,-448,-600,-603,-590,-587,-595,-588,-570,-516,-494,-498,-670,-663,-660,-657,-679,-690,-610,-504,-575,-448,-462,-454,-402,-395,-581,-579,-587,-587,-577,-572,-807,-587,-807,-772,-539,-538,-5471,-5461,-5461,-5453,-5439,-5422,-5331,-5165,-4833,-1645]} 1. c4 c5 2. Nf3 Nc6 3. Nc3 g6 4. e3 Nf6 5. d4 cxd4 6. exd4 d5 7. cxd5 Nxd5 8. Qb3 e6 9. Bb5 Bg7 10. O-O {A35: Symmetrical English: 2 Nc3 Nc6 3 Nf3} O-O 11. Bxc6 bxc6 12. Na4 Qd6 13. Re1 Rb8 {LiveBook: 8 Games} 14. Qd1 {[#]} c5 $146 ({Predecessor:} 14... Ne7 15. Bd2 Nf5 16. Bc3 Rd8 17. Re4 Rb5 {½-½ (31) Aronian,L (2792)-So,W (2770) Paris 2016}) 15. Nxc5 Bb7 16. Bg5 Ba8 17. Qd2 Rb5 18. Rac1 Nb4 19. a4 Rb6 $1 20. Bf4 $36 {[%mdl 2048] White is more active.} Qd8 (20... Qe7 $14) 21. Ne5 $16 {Hoping for Ned7.} Na2 (21... Nd5 $16 {was worth a try.}) 22. Rcd1 $1 $18 Qd5 {[%csl Ga8][%cal Rd5g2]} 23. f3 Rd8 24. Qf2 Rb4 (24... Rc8 $142 25. Qd2 Nb4) 25. Re4 $2 {[#]} ({White should try} 25. Ne4 $18 Rxd4 26. Ng4 Rxd1 27. Nef6+ Kf8 28. Nxd5 R8xd5 29. Kf1) 25... h6 $2 {[%mdl 8192]} (25... Qxc5 $1 $15 {[%mdl 512] keeps the upper hand.} 26. dxc5 Rxd1+ 27. Re1 Rxe1+ 28. Qxe1 Rxf4) 26. h4 Qxc5 $2 (26... a5 27. Qd2 Bf8 28. Nxf7 Kxf7 29. Nxe6 Qxe6 30. Rxe6 Rbxd4) 27. dxc5 Rxd1+ 28. Re1 $2 (28. Kh2 $18 {Black must now prevent c6.} Bxe4 29. fxe4 Rxe4 {[#]} 30. Nxf7 $1 {[%mdl 512]}) 28... Rxe1+ $11 29. Qxe1 Rxf4 30. c6 {aiming for Qa5.} Nb4 31. Qe3 $2 {[%mdl 8192]} (31. c7 $11 {and White is okay.} Bb7 32. Qc3 Bxe5 33. Qxe5) 31... Nd5 $19 (31... Nxc6 32. Nxc6 Rxa4 33. Ne7+ Kh7 34. Qc1 $11) ({Don't blunder} 31... Rxh4 $2 32. c7 $18) 32. Qxa7 Bxe5 33. Qxa8+ Kg7 34. a5 Rb4 35. a6 Rxb2 36. a7 {intending c7.} Ra2 {( -> ...Bg3)} 37. Qb7 Bd4+ 38. Kh2 Rxa7 39. Qb3 Be5+ 40. g3 Ra6 41. f4 {Qc4 is the strong threat.} Bc7 42. Qc4 Ra3 43. Qd4+ Kg8 44. Qc5 Rc3 45. Qb5 Ne7 46. h5 Rxc6 47. hxg6 Rc2+ 48. Kh3 {White wants to mate with Qe8+.} Nxg6 49. Qb3 (49. Qe8+ {keeps fighting.} Nf8 50. Qa8) 49... Rc5 {Black is clearly winning.} 50. Qb4 Bd6 51. Qd4 Rd5 52. Qc4 h5 53. Qc8+ Kg7 54. Qc3+ Kh7 55. Qf6 Rf5 56. Qd4 Be7 57. Qd7 h4 58. gxh4 Rxf4 59. h5 Rh4+ {Precision: White = 39%, Black = 57%.} 0-1

[Event "Saint Louis Blitz 2017"]
[Site "Saint Louis"]
[Date "2017.08.18"]
[Round "10"]
[White "Aronian, Levon"]
[Black "Nakamura, Hikaru"]
[Result "1/2-1/2"]
[WhiteElo "2799"]
[BlackElo "2792"]
[Annotator "TA"]
[PlyCount "30"]
[EventDate "2017.??.??"]
[EventType "tourn"]
[EventCountry "USA"]
[SourceTitle "playchess.com"]
[Source "ChessBase"]
[SourceQuality "1"]

{[%evp 9,30,16,23,22,17,13,7,9,30,-1,26,37,24,18,13,0,0,0,23,0,0,0,19]} 1. Nf3 d5 2. g3 g6 3. Bg2 Bg7 4. d4 Nd7 5. O-O Ngf6 {LiveBook: 23 Games} 6. a4 {D02: 1 d4 d5 2 Nf3 sidelines, including 2...Nf6 3 g3 and 2...Nf6 3 Bf4} a5 7. Re1 $146 ({Predecessor:} 7. c4 dxc4 8. Qc2 Nb6 9. e4 O-O 10. Rd1 Bg4 11. Nbd2 Qc8 12. b3 {0-1 (45) Giri,A (2771)-Nakamura,H (2785) Stavanger 2017}) 7... O-O 8. Nc3 {[%cal Bb1c3,Bc3b5,Bb5a7][%mdl 32]} c5 9. Nb5 b6 10. Bf4 Bb7 11. c3 Rc8 12. Na7 Ra8 13. Nb5 Rc8 14. Na7 Ra8 15. Nb5 Rc8 {Precision: White = 36%, Black = 81%.} 1/2-1/2

[Event "Saint Louis Blitz 2017"]
[Site "Saint Louis"]
[Date "2017.08.18"]
[Round "10"]
[White "Karjakin, Sergey"]
[Black "Kasparov, Garry"]
[Result "1-0"]
[WhiteElo "2773"]
[BlackElo "2812"]
[Annotator "TA"]
[PlyCount "75"]
[EventDate "2017.??.??"]
[EventType "tourn"]
[EventCountry "USA"]
[SourceTitle "playchess.com"]
[Source "ChessBase"]
[SourceQuality "1"]

{[%evp 14,75,20,0,0,0,18,24,20,20,27,28,31,18,24,25,4,0,32,27,44,31,76,64,89,93,93,48,54,29,86,59,105,64,154,97,114,104,118,132,188,151,166,159,168,101,108,23,192,-209,195,169,283,275,283,276,256,262,273,172,375,384,29974,29975]} 1. b3 e5 2. Bb2 Nc6 3. e3 g6 4. c4 Bg7 5. Nf3 d6 6. Be2 Nf6 7. d4 O-O 8. O-O {LiveBook: 8 Games} (8. d5 $5 {[%cal Rd5c6]} Nb4 9. Nc3 $14) 8... exd4 {E60: King's Indian: Unusual lines and Fianchetto Variation without Nc3} 9. Nxd4 Re8 10. Nxc6 bxc6 {White has an edge.} 11. Bf3 (11. Nc3 Rb8 {0-1 (30) Nielsen,P (2700)-Svidler,P (2734) Copenhagen 2010}) 11... Bd7 12. Nc3 Rb8 13. h3 $146 ({Find the theoretical novelty and annotate with similar games:} 13. Ne2 c5 14. Qd2 Ng4 15. Bxg7 Kxg7 16. Bxg4 Bxg4 {½-½ (50) Nikolaev,N (2305)-Ovod,E (2404) Tula 2001}) 13... c5 14. Qd2 h5 15. Rad1 Qe7 16. Rfe1 (16. Nb5 $5) 16... a6 17. Qc1 Be6 18. Ne2 Nd7 19. Bxg7 Kxg7 20. Nf4 Ne5 21. Be2 Qf6 {[#]} (21... f5 $11 {keeps the balance.}) 22. Bxh5 $1 $16 {[%mdl 512]} Rh8 (22... gxh5 23. Nxh5+) 23. Be2 g5 (23... Bd7 $14) 24. Nxe6+ ({Better is} 24. Nh5+ Rxh5 25. Bxh5) 24... fxe6 25. f4 gxf4 26. exf4 Nc6 (26... Ng6 $16) 27. Rd3 Nd4 28. Rg3+ Kf7 29. Bd3 (29. Bg4 $18) 29... Rbg8 30. Rg5 ({White should play} 30. Qe3 $16) 30... e5 $2 (30... Rxh3 $1 $11 {and Black has nothing to worry.} 31. gxh3 (31. Rxg8 Nf3+ 32. Kf2 Nxe1 $17) 31... Nf3+ 32. Kh1 Nxe1 33. Rxg8 (33. Qxe1 Rxg5 34. fxg5 Qf3+ 35. Kh2 Qxd3 $14) 33... Nxd3) 31. Rf1 $4 {[%mdl 8192] [#]} (31. Re4 $18) 31... Ke7 $4 {[%mdl 8192]} (31... e4 $1 $19 {[%cal Re4d3][%mdl 512] and all is fine.} 32. Qe3 (32. Rxg8 $2 Rxg8 33. Qe3 exd3 $19) (32. Bxe4 Ne2+) 32... exd3 33. Qxd3 Rb8) 32. Qe3 Kd7 (32... Qh6 $142 33. Rg3 Rxg3 34. Qxg3 exf4 35. Qxf4 (35. Rxf4 Kd8 $16) 35... Qxf4 36. Rxf4 Nc6) 33. Rxg8 $18 Rxg8 34. fxe5 Qxe5 35. Rf7+ Ke6 36. Qf2 Qg5 $2 (36... Rg3 37. Bf1 (37. Rxc7 Nf3+ 38. Kh1 Rg7 $11) 37... a5) 37. Rxc7 {Qf7+ would kill now.} Qc1+ $2 (37... Rg7 $18) 38. Kh2 {Precision: White = 44%, Black = 15%.} 1-0

[Event "Saint Louis Blitz 2017"]
[Site "Saint Louis"]
[Date "2017.08.18"]
[Round "10"]
[White "Nepomniachtchi, Ian"]
[Black "Anand, Viswanathan"]
[Result "0-1"]
[WhiteElo "2751"]
[BlackElo "2783"]
[Annotator "TA"]
[PlyCount "58"]
[EventDate "2017.??.??"]
[EventType "tourn"]
[EventCountry "USA"]
[SourceTitle "playchess.com"]
[Source "ChessBase"]
[SourceQuality "1"]

{[%evp 16,58,-43,-43,-52,-38,-8,-34,-35,-41,-41,-99,-96,-94,-88,-113,-124,-126,-129,-191,-173,-238,-231,-231,-232,-236,-235,-232,-204,-235,-189,-238,-239,-331,-311,-509,-500,-553,-554,-525,-504,-679,-670,-829,-829]} 1. e4 e5 2. d4 exd4 3. Qxd4 Nc6 4. Qe3 Nf6 5. Bd2 Bb4 6. Nc3 O-O 7. O-O-O Re8 8. Qf4 {C22: Centre Game} Bxc3 9. Bxc3 {LiveBook: 3 Games} Rxe4 10. Qg3 {Black is slightly better.} d5 {White must now prevent ...d4.} 11. f3 Re6 $146 ({Find the theoretical novelty and annotate with similar games:} 11... Re8 12. Ne2 a5 13. Nf4 Nb4 14. Bxf6 Qxf6 15. a3 Bf5 16. axb4 axb4 17. Nxd5 Ra1+ 18. Kd2 Qxb2 19. Qxc7 Rxd1+ {0-1 (19) Nepomniachtchi,I (2732)-Carlsen,M (2832) Leuven 2017}) 12. Ne2 Rd6 13. Qf4 {[#]} (13. Nd4 $15) 13... d4 $1 {[%mdl 512]} 14. Nxd4 (14. Bxd4 Nd5) 14... Nd5 $36 {[%mdl 2048] Black is in control.} 15. Nxc6 bxc6 (15... Nxf4 $2 {perishes.} 16. Nxd8 Rxd1+ 17. Kxd1 $18) 16. Rxd5 cxd5 17. Be5 {[#]} (17. Qd4 $17 f6 18. Bd3) 17... Re6 $1 $19 18. Qg3 (18. Bd3 $142) 18... Rg6 19. Qf2 Ba6 20. f4 Bxf1 21. Rxf1 Qe7 22. Rd1 Rd8 23. a3 c5 24. h3 Re6 25. Kb1 $2 (25. Qg3 {keeps fighting.} f6 26. Bc3) 25... d4 {Black is clearly winning.} 26. Qf1 Kh8 27. Qc4 Re8 28. Qb3 f6 29. Bb8 Rb6 {Precision: White = 40%, Black = 93%.} 0-1

[Event "Saint Louis Blitz 2017"]
[Site "Saint Louis"]
[Date "2017.08.18"]
[Round "10"]
[White "Navara, David"]
[Black "Dominguez Perez, Leinier"]
[Result "0-1"]
[WhiteElo "2737"]
[BlackElo "2739"]
[Annotator "TA"]
[PlyCount "110"]
[EventDate "2017.??.??"]
[EventType "tourn"]
[EventCountry "USA"]
[SourceTitle "playchess.com"]
[Source "ChessBase"]
[SourceQuality "1"]

{[%evp 19,110,0,0,5,3,16,11,11,18,6,15,0,16,-5,26,1,3,2,4,0,1,0,7,-23,16,0,10,25,22,25,19,0,7,4,7,7,7,7,7,0,7,0,31,0,39,0,0,0,0,-216,-204,-289,-285,-285,-293,-290,-281,-289,-291,-338,-333,-338,-339,-344,-320,-345,-329,-375,-374,-427,-365,-445,-442,-427,-427,-537,-508,-448,-437,-552,-527,-903,-544,-1283,-1207,-5938,-5941,-6420,-4903,-4145,-3216,-29981,-29981]} 1. c4 e6 2. d4 d5 3. Nc3 Nf6 4. cxd5 Nxd5 5. e4 Nxc3 6. bxc3 c5 7. Rb1 Be7 {D35: Queen's Gambit Declined: Exchange Variation} 8. Nf3 O-O 9. Bc4 Nc6 (9... Qc7 10. Qe2 a6 11. O-O b5 12. Bd3 Nd7 13. h4 e5 14. h5 h6 15. Nxe5 Nxe5 16. dxe5 {0-1 (45) Navara,D (2737)-Dominguez Perez,L (2739) Saint Louis 2017}) 10. O-O b6 {LiveBook: 4 Games} 11. Be3 (11. d5 Na5 12. Bd3 c4 13. Bc2 exd5 14. exd5 Bb7 15. Re1 {1-0 (31) Svidler,P (2749)-Hou,Y (2666) Geneve 2017}) 11... cxd4 12. cxd4 Bb7 13. Qe2 Rc8 14. Rfd1 Qc7 15. d5 exd5 $146 16. exd5 Ne5 (16... Nb4 {looks sharper.} 17. Bb3 Bd6 18. Rd4 Ba6 19. Qd2 Nc2) 17. Bb3 Nxf3+ 18. Qxf3 Bd6 19. h4 Qc3 20. h5 h6 21. Rd4 Rce8 22. Rg4 Bc8 23. Rc4 Qe5 {aiming for ...Qh2+.} 24. Bf4 Qf6 25. Bc2 {Strongly threatening Qd3.} Bxf4 26. Rxf4 Qd6 27. Rd1 Bd7 28. Qd3 {[%csl Gc2][%cal Rd3h7]} f5 29. g3 Re5 30. Bb3 Rfe8 31. Kg2 Kh8 32. Rc1 a5 33. Qc4 a4 34. Bxa4 $2 {[#]} (34. Qc7 $1 $11 {and White stays safe.} Qxc7 35. Rxc7) 34... Re4 $1 $19 {[%cal Re4c4]} ({Worse is} 34... Rxd5 35. Bxd7 Qxd7 36. Qc6 $14) 35. Qc7 (35. Qa6 {was necessary.} Rxf4 36. gxf4 Qxd5+ 37. Kg1 Qxa2 38. Bxd7 Qxa6 39. Bxe8) 35... Qxc7 36. Rxc7 Bxa4 37. Rxf5 Rd4 38. Rff7 {[#]} Rg8 $1 ({Less strong is} 38... Rxd5 39. Rxg7 Bc2 40. g4 $17) 39. Rb7 Rxd5 40. Rxb6 Be8 ({Don't take} 40... Rxh5 41. Ra7 $19) 41. Rf4 Bxh5 42. a4 Ra8 43. Rfb4 Rda5 44. R6b5 Bg6 45. Rc4 Rxa4 46. Rxa4 Rxa4 {[%mdl 4096] Endgame KRB-KR} 47. Rb2 Ra3 48. f3 Rd3 49. g4 Bf7 50. Kg3 Bd5 51. Rb8+ Kh7 52. Rf8 g5 53. Rf6 Kg7 54. Rf5 Bc6 55. Kf2 Rd5 {Precision: White = 32%, Black = 73%.} 0-1

[Event "Saint Louis Blitz 2017"]
[Site "Saint Louis"]
[Date "2017.08.18"]
[Round "11"]
[White "Kasparov, Garry"]
[Black "Nepomniachtchi, Ian"]
[Result "1/2-1/2"]
[WhiteElo "2812"]
[BlackElo "2751"]
[Annotator "TA"]
[PlyCount "53"]
[EventDate "2017.??.??"]
[EventType "tourn"]
[EventCountry "USA"]
[SourceTitle "playchess.com"]
[Source "ChessBase"]
[SourceQuality "1"]

{[%evp 22,53,38,35,76,69,69,69,69,70,70,64,62,61,100,108,110,100,110,110,110,75,93,62,62,70,60,21,66,0,64,0,69,0]} 1. e4 c5 2. Nf3 d6 3. Bb5+ Nd7 4. d4 cxd4 5. Qxd4 Ngf6 6. Nc3 e5 7. Qd3 h6 8. Be3 a6 9. Bc4 Be7 10. a4 {[%cal Ba2a4,Ba4a5][%mdl 32]} Qc7 11. O-O O-O 12. Nd2 {LiveBook: 13 Games} Nb6 {B51: Sicilian: Moscow Variation (3 Bb5+) without 3...Bd7} (12... Nc5 13. Bxc5 Qxc5 14. Nd5 Nxd5 15. Bxd5 Be6 16. Bxb7 Rab8 17. Bxa6 Rxb2 18. Bc4 Rc8 19. Bb3 Bd8 20. Rab1 Rxb1 21. Rxb1 {1-0 (49) Zvjaginsev,V (2650)-Amonatov,F (2569) Moscow 2004}) 13. Bxb6 $146 ({Predecessor:} 13. Bb3 Be6 14. a5 Nbd7 15. Nd5 Bxd5 16. Bxd5 Nxd5 17. Qxd5 Nf6 18. Qd3 Rac8 19. c4 Nd7 20. b3 {1-0 (65) Jansa,V (2450)-Lazic,D (2200) Kragujevac 1977}) 13... Qxb6 14. a5 Qc7 15. Nd5 Nxd5 16. Bxd5 Be6 17. Nc4 Kh8 18. c3 Rad8 19. Rfd1 Bg5 20. Nb6 Bg4 21. f3 Be6 22. g3 h5 23. h4 Bh6 24. Nc4 Bc8 25. Nb6 Be6 26. Nc4 Bc8 27. Nb6 {Precision: White = 54%, Black = 55%.} ({White should try} 27. Kg2 $14) 1/2-1/2

[Event "Saint Louis Blitz 2017"]
[Site "Saint Louis"]
[Date "2017.08.18"]
[Round "11"]
[White "Anand, Viswanathan"]
[Black "Caruana, Fabiano"]
[Result "0-1"]
[WhiteElo "2783"]
[BlackElo "2807"]
[Annotator "TA"]
[PlyCount "64"]
[EventDate "2017.??.??"]
[EventType "tourn"]
[EventCountry "USA"]
[SourceTitle "playchess.com"]
[Source "ChessBase"]
[SourceQuality "1"]

{[%evp 17,64,42,54,54,60,40,50,35,33,41,32,18,14,22,17,16,19,16,16,0,0,0,0,0,0,-16,0,0,0,0,0,0,0,-5,-4,-34,-45,-51,-61,-90,-87,-164,-178,-293,-303,-279,-286,-471,-455]} 1. e4 e5 2. Nf3 Nc6 3. Bb5 a6 4. Ba4 Nf6 5. O-O Be7 6. d3 d6 7. c3 O-O 8. Re1 Nd7 9. Be3 {C84: Closed Ruy Lopez: Unusual White 6th moves} Nb6 {LiveBook: 3 Games} 10. Bb3 Kh8 11. Nbd2 {White is slightly better.} f5 12. Bxb6 (12. h3 {is interesting.} fxe4 13. Nxe4 d5 14. Ng3 Bf6 15. Qe2) 12... cxb6 13. exf5 $146 ({Predecessor:} 13. Bd5 g5 14. h3 g4 15. hxg4 fxg4 16. Nh2 Bg5 {0-1 (46) Caruana,F (2721)-Kortschnoj,V (2544) Caleta 2011}) 13... Bxf5 14. d4 (14. Qe2 {looks sharper.} Bg4 15. Qe4 Qd7 16. Qe3 b5 17. d4) 14... exd4 15. Nxd4 Nxd4 16. cxd4 Qd7 17. Ne4 {[%cal Bd2e4,Be4c3,Bc3d5][%mdl 32]} Rae8 18. Nc3 b5 19. Qd2 h6 20. Nd5 Bg5 21. f4 Bh4 22. g3 {And now Rxe8 would win.} Bd8 23. Rxe8 Rxe8 24. Re1 a5 25. Rxe8+ Qxe8 26. Qe3 (26. h4 {with more complications.} Qe4 27. Nc3 Qf3 28. Qe1 Bd7 29. Qf2) 26... Qxe3+ 27. Nxe3 $15 {[%mdl 4096] Endgame KBB-KBN} Bb1 28. Be6 Bb6 29. Nf5 {[#]} (29. b4 $17 {might work better.}) 29... d5 $1 $19 {[%mdl 512]} 30. Kf2 {[#]} (30. b4 $142) (30. Bxd5 Bxf5) 30... g6 $1 ({Weaker is} 30... Bxa2 31. Ke3 $11) 31. Nd6 Bxd4+ 32. Kf3 $2 (32. Ke1 Bxa2 33. Nxb5 Bxb2 34. Kd2) 32... Bxa2 {Precision: White = 53%, Black = 78%.} 0-1

[Event "Saint Louis Blitz 2017"]
[Site "Saint Louis"]
[Date "2017.08.18"]
[Round "11"]
[White "Dominguez Perez, Leinier"]
[Black "Karjakin, Sergey"]
[Result "0-1"]
[WhiteElo "2739"]
[BlackElo "2773"]
[Annotator "TA"]
[PlyCount "66"]
[EventDate "2017.??.??"]
[EventType "tourn"]
[EventCountry "USA"]
[SourceTitle "playchess.com"]
[Source "ChessBase"]
[SourceQuality "1"]

{[%evp 18,66,8,8,0,-4,-6,0,0,-3,0,-11,-3,-6,0,-51,-43,-204,-203,-261,-261,-318,-323,-382,-375,-587,-580,-536,-547,-527,-309,-327,-333,-313,-320,-336,-314,-452,-453,-406,-431,-646,-639,-1113,-1100,-1593,-1589,-1533,-1510,-29987,-29988]} 1. e4 e5 2. Nf3 Nc6 3. Bb5 Nf6 {[%cal Bg8f6,Bf6d7,Bd7f8,Bf8g6][%mdl 32]} 4. d3 Bc5 5. Bxc6 dxc6 6. Nbd2 {C65: Ruy Lopez: Berlin Defence (3...Nf6), unusual lines and 4 0-0 Bc5} (6. Be3 Bd6 7. h3 Nd7 8. Nbd2 O-O 9. Qe2 Re8 10. O-O-O Qe7 11. g4 Nc5 12. Kb1 Na4 13. Nc4 b5 14. Nxd6 cxd6 {0-1 (36) Yu,Y (2753)-Grischuk,A (2761) Jiayuguan 2017}) 6... O-O 7. Qe2 Nd7 8. Nc4 Re8 9. Bd2 b5 10. Ne3 {LiveBook: 6 Games} a5 (10... Nf8 11. O-O-O a5 12. Kb1 a4 13. Nf5 b4 {½-½ (43) Dominguez Perez,L (2739)-Karjakin,S (2773) Saint Louis 2017}) 11. a4 Bb6 12. O-O Nf8 13. Qe1 $146 ({Predecessor:} 13. Rfd1 Ng6 {1-0 (57) Firouzja,A (2465)-Bindrich,F (2590) Moscow 2017}) 13... b4 14. h3 Ng6 15. b3 Qf6 16. Nc4 (16. Qd1 $11) 16... Bxh3 $15 {...Nh4 is the strong threat.} 17. Bg5 $2 (17. Nxb6 $15 cxb6 18. Bg5) 17... Qe6 $19 18. gxh3 Qxh3 {[#] Threatens to win with ...Qg3+.} 19. Qe2 h6 {[%cal Bh7h6,Bh6g5][%mdl 32]} 20. Nxb6 Qg4+ ({Don't play} 20... cxb6 21. Nh4 $19) ({Not} 20... hxg5 21. Nxg5 Qh4 22. f4 $19) 21. Kh2 (21. Kh1 {is the only way for White.} hxg5 22. Qd1 (22. Nxa8 $2 Nf4 $19) 22... cxb6 23. Nh2) 21... hxg5 22. Rg1 Qh5+ 23. Kg3 Nf4 {[%csl Gf4][%cal Rh5h3]} (23... cxb6 $2 24. Qe3 $19) 24. Qf1 {Strongly threatening Rh1.} cxb6 25. Rh1 Qg6 26. Nd2 Qf6 27. f3 (27. Qd1 {was worth a try.}) 27... g6 28. Qf2 Kg7 29. Nc4 (29. Rh2 $142 b5 30. Rah1) 29... Rh8 30. Nxb6 {[#]} Qe6 $1 {[%mdl 512] ( -> ...Rh3+)} 31. Qf1 Rxh1 32. Qxh1 Rh8 33. Qg1 Ne2+ {Precision: White = 27%, Black = 96%.} 0-1

[Event "Saint Louis Blitz 2017"]
[Site "Saint Louis"]
[Date "2017.08.18"]
[Round "11"]
[White "Le, Quang Liem"]
[Black "Nakamura, Hikaru"]
[Result "1-0"]
[WhiteElo "2739"]
[BlackElo "2792"]
[Annotator "TA"]
[PlyCount "113"]
[EventDate "2017.??.??"]
[EventType "tourn"]
[EventCountry "USA"]
[SourceTitle "playchess.com"]
[Source "ChessBase"]
[SourceQuality "1"]

{[%evp 9,113,12,12,8,17,0,0,0,2,-5,0,-6,18,26,21,18,35,21,48,3,35,25,61,51,56,34,30,35,98,94,78,83,90,95,201,196,212,176,254,251,258,206,220,236,201,225,227,212,213,204,429,429,598,602,558,575,549,542,773,410,394,381,367,319,672,669,672,657,765,761,762,758,737,729,652,646,725,704,1988,2008,1570,1351,1554,1554,1494,1391,12792,6614,6839,6498,6079,6079,3351,2850,2808,2450,29973,6187,29979,29980,29987,29987,29989,29990,29991,29990]} 1. d4 Nf6 2. Nf3 g6 3. Bf4 d6 4. e3 c5 (4... Bg7 5. h3 O-O 6. Be2 Nc6 7. O-O Nd7 8. Bh2 e5 9. Nc3 exd4 10. Nxd4 Nxd4 11. exd4 Re8 12. Qd2 Nf8 13. Bc4 Be6 14. Bxe6 Nxe6 15. Ne2 Qg5 16. Qd3 Qd5 {½-½ (68) Nakamura,H (2767)-Aronian,L (2797) Saint Louis 2014}) 5. c3 Nbd7 6. h3 {A48: 1 d4 Nf6 2 Nf3 g6: Torre, London and Colle Systems} Bg7 7. Bd3 O-O 8. O-O {The position is equal.} b6 9. Bh2 Bb7 10. Nbd2 Qc7 11. e4 e5 12. Re1 Rfe8 13. a4 a6 14. dxe5 $146 ({Predecessor:} 14. d5 Nh5 15. Bf1 Rab8 16. Nc4 Bc8 17. Nfd2 Bh6 18. Qc2 Nf8 19. Bd3 Nf4 20. Bxf4 Bxf4 21. Nf1 {½-½ (21) Wang,R (2496)-Ruck,R (2472) Gyula 2000}) 14... dxe5 15. Qb3 Nh5 16. Rad1 Nf4 17. Bc4 Re7 18. Nf1 Nf6 {[#]} (18... Rf8 $14) 19. Ng5 $1 $16 {Threatens to win with Bxf4.} b5 20. axb5 axb5 21. Qxb5 {Black must now prevent Bxf4.} ({Much worse is} 21. Bxb5 $6 Rb8 $11) 21... h6 (21... Rb8 $16) 22. Bxf4 exf4 23. Nxf7 Rxf7 (23... Kh7 {was called for.}) 24. e5 $18 Ba6 25. Bxf7+ Qxf7 26. Qxc5 Ne8 27. e6 Qc7 28. Qxc7 Nxc7 29. Rd7 Ne8 $2 (29... Rc8 {was necessary.} 30. Rd6 Re8) 30. Ra1 Bf6 {If only Black now had time for ...Bb7....} 31. Ra3 Be5 32. Nd2 Nf6 33. Rf7 Bd6 34. Rxf6 Bxa3 35. bxa3 {[%mdl 4096] Endgame KRB-KRN} Bd3 36. Rxf4 Bf5 $2 (36... Re8 37. Rd4 Bf5) 37. e7 Re8 38. g4 Bd7 39. Rf8+ Rxf8 40. exf8=Q+ Kxf8 {KB-KN} 41. Kg2 Ke7 42. Kg3 Kd6 43. Kf4 Kd5 44. h4 Ba4 45. Nf3 Bc2 46. g5 h5 47. Ke3 Bb1 {[#]} 48. c4+ $1 Kc5 (48... Kxc4 49. Nd2+) 49. Ne5 Bf5 50. f4 Bb1 51. Kd2 Kd4 52. a4 Ke4 53. Nxg6 Kf5 54. Ne7+ {White mates.} Kg4 55. g6 Kxh4 56. f5 Ba2 57. Kc3 {Precision: White = 78%, Black = 32%.} 1-0